Argonauts of the Western Pacific: an account of native enterprise and adventure in the Archipelagoes of Melanesian New Guinea
Guardat en:
| Autor principal: | |
|---|---|
| Format: | Llibre |
| Idioma: | anglès |
| Publicat: |
Nueva York
E. P. Dutton
1961
|
| Col·lecció: | A Dutton Paperback
|
| Matèries: | |
| Etiquetes: |
Afegir etiqueta
Sense etiquetes, Sigues el primer a etiquetar aquest registre!
|
MARC
| LEADER | 00000nam a2200000 a 4500 | ||
|---|---|---|---|
| 001 | UCT1378 | ||
| 003 | CL-VaPUC | ||
| 008 | 960927e19610000US |||||||||||||||||eng|d | ||
| 082 | 0 | 4 | |a 573 |b MAL |2 21 |
| 100 | |a Malinowski, Bronislaw |e autor |9 402221 | ||
| 245 | 1 | 0 | |a Argonauts of the Western Pacific: an account of native enterprise and adventure in the Archipelagoes of Melanesian New Guinea |
| 300 | |a 527 p | ||
| 942 | |c BK | ||
| 945 | |d 19960927 00:00:00 |a cmena | ||
| 260 | |a Nueva York |b E. P. Dutton |c 1961 | ||
| 650 | 0 | |a Antropología física |9 308323 | |
| 650 | 0 | |a Taxonomía racial |9 370154 | |
| 650 | 0 | |a Tribus |9 353059 | |
| 650 | 0 | |a Razas |9 326658 | |
| 650 | 0 | |a Antropología social |9 306264 | |
| 650 | 0 | |a Etnología |9 258726 | |
| 650 | 0 | |a Filosofía social |9 268191 | |
| 650 | 0 | |a Estructuras sociales |9 367188 | |
| 650 | 0 | |a Modelos culturales |9 334597 | |
| 651 | 7 | |a NUEVA GUINEA |2 CL-VaPUC |9 261239 | |
| 583 | |a last modification |c 19960927 00:00:00 |k Rodrigo Vera | ||
| 490 | 0 | |a A Dutton Paperback | |
| 999 | |c 251915 |d 251913 | ||
| 952 | |0 0 |1 0 |2 ddc |4 0 |6 573_000000000000000_MAL_1961 |7 0 |8 A |9 271423 |a BIBCUR |b BIBCUR |c PAC |d 2019-11-19 |i 1751727 |o 573 MAL 1961 |p 1751727 |r 2025-04-22 |w 2019-11-19 |y BK |k BCB | ||